000 00319nam a22001337a 4500
008 170529b xxu||||| |||| 00| 0 eng d
020 _a0292738439
041 _aeng
080 _a94
100 _a16
101 _aSHH
245 _aINTELLECTUAL FOUNDATIONS OF THE NICARAGUAN REVOLUTION
_cHODGES,D.C
942 _2udc
_cBK
999 _c14946
_d14946